|
|
|
|
| LEADER |
00000naa a2200000 i 4500 |
| 001 |
publ463 |
| 005 |
20151110113450.0 |
| 008 |
151110s2010 hu o 000 zxx d |
| 040 |
|
|
|a BGE Publikációtár Repozitórium
|b hun
|
| 100 |
1 |
|
|a Gubán Ákos
|
| 245 |
1 |
0 |
|a Biomasszát feldolgozó üzemek telepítésének célfüggvény-elemzése
|c Gubán Ákos
|h [elektronikus dokumentum]
|
| 260 |
|
|
|a Budapesti Gazdasági Főiskola
|b Budapest
|c 2010
|
| 300 |
|
|
|a 1-17
|
| 490 |
0 |
|
|a Tudományos Évkönyv 2009: Válság és megújulás.
|
| 650 |
|
4 |
|a matematika- és számítástudományok
|
| 695 |
|
|
|a Célfüggvény
|
| 695 |
|
|
|a Elemzés
|
| 856 |
4 |
0 |
|u https://publikaciotar.uni-bge.hu/id/eprint/463/1/Dr.%20Gub%C3%A1n%20%C3%81kos%20-%20Biomassz%C3%A1t%20feldolgoz%C3%B3%20%C3%BCzemek%20telep%C3%ADt%C3%A9s%C3%A9nek%20c%C3%A9l-f%C3%BCggv%C3%A9ny%20elemz%C3%A9se.pdf
|z Dokumentum-elérés
|